Evangélikus Lap egyházi, iskolai és társadalmi lap
| Format: | Journal |
|---|---|
| Language: | Hungarian |
| PhysicalDescription: | 17 zv. 24-32 cm |
| Published: |
Levice
Ede Gyapay
1922-1938
Šamorín Rožňava |
| Subjects: |
MARC
| LEADER | 00000cas a22000001a 4500 | ||
|---|---|---|---|
| 001 | vtls010298930 | ||
| 003 | SK-MaSNL | ||
| 005 | 20260228162611.0 | ||
| 008 | 200401d19221938xo sr p 0 b0hun | ||
| 040 | |a SNK |b slo |c SNK |e AACR2 | ||
| 041 | 0 | |a hun | |
| 044 | |a xo |c SK | ||
| 072 | 7 | |a 2 |x Náboženstvo |2 konspekt | |
| 080 | |a 21/29-1/-9 |2 2001 | ||
| 080 | |a 274/278-1/-9 |2 2001 | ||
| 080 | |a 050 |2 2001 | ||
| 245 | 0 | 0 | |a Evangélikus Lap |b egyházi, iskolai és társadalmi lap |
| 260 | |a Levice |b Ede Gyapay |c 1922-1938 | ||
| 260 | 2 | |3 5/1932-1936 |a Šamorín |b Ede Gyapay | |
| 260 | 3 | |3 1937-1938 |a Rožňava |b Ede Gyapay | |
| 300 | |a 17 zv. |c 24-32 cm | ||
| 310 | |a 2x mesačne | ||
| 362 | 0 | |a I. évf., 1. sz. (1922)-XVII. évf., 14. sz. (1938) | |
| 500 | |a Redaktori sa menia | ||
| 500 | |a Tlač. Nyitrai és Társa könyvnyomdája, Levice; od 2/IV (4. febr. 1925) Ignácz Schulcz és Fia könyvnyomdája, Levice; od 1/V (jan. 1926) Kosmos nyomdai müintézet, Galanta; od 1/XVI (1. jan. 1937) Gömöri könyvnyomda, Rožňava | ||
| 515 | |a Niektoré čísla vychádzajú ako dvojčíslo | ||
| 610 | 2 | 7 | |a Evanjelická cirkev a.v. |2 SNKKA |9 32425 |
| 650 | 7 | |a náboženstvo |2 SNKPH |9 2023 | |
| 650 | 7 | |a evanjelické náboženstvo |2 SNKPH |9 4015 | |
| 655 | 7 | |a náboženské časopisy |2 SNKPH |9 70790 | |
| 770 | 0 | |t Népünknek | |
| 770 | 0 | |t Orgonaszó |w vtls010299238 | |
| 910 | |a snk | ||
| 916 | |a 1922-1938 | ||
| 999 | |c 8111 |d 10041 | ||
| 952 | |0 0 |1 0 |4 0 |7 0 |8 3 |a SNK |b SNK |d 2013-02-08 |f 1 |i snkK 205/70 |l 0 |o snkČSB 212/15/1936 |p 17A0712713 |r 2026-02-21 21:23:34 |t č. 1-22 |w 2026-02-21 |y PREZ | ||
| 952 | |0 0 |1 0 |4 0 |7 0 |a SNK |b SNK |d 2013-02-08 |f 1 |i snk1772/43 |l 0 |o snkČSB 212/16/1937 |p 17A0712712 |r 2026-02-21 21:30:44 |t č. 1-24 |w 2026-02-21 |y PREZ |z obsahuje č. 12/a Evangélikus lap | ||
| 952 | |0 0 |1 0 |4 0 |7 0 |8 5 |a SNK |b SNK |d 2013-02-08 |f 1 |i snkF 2447/70 |l 0 |o snkČSB 212/17/1938 |p 17A0712709 |r 2026-02-21 21:30:44 |t č. 1-14 |w 2026-02-21 |y PREZ | ||
| 952 | |0 0 |1 0 |4 0 |7 0 |8 3 |a SNK |b SNK |d 2013-02-08 |f 1 |i snkK 195/76 |l 0 |o snkČSB 212/3-4/1924-1925 |p 17A0712721 |r 2026-02-21 21:30:44 |t č. 1-20 |w 2026-02-21 |y PREZ |z roč. 4, 1925, prír. č.: snkK 196/76, č. 1-24 | ||
| 952 | |0 0 |1 0 |4 0 |7 0 |8 3 |a SNK |b SNK |d 2013-02-08 |f 1 |i snkK 193/76 |l 0 |o snkČSB 212/1-2/1922-1923 |p 17A0712722 |r 2026-02-21 21:30:44 |t č. 1-14 |w 2026-02-21 |y PREZ |z roč. 2, 1923: prír. č.: snkK 194/76, č. 1-20, chýba č. 3 | ||
| 952 | |0 0 |1 0 |4 0 |7 0 |8 3 |a SNK |b SNK |d 2013-02-08 |f 1 |i snkK 197/76 |l 0 |o snkČSB 212/5-6/1926-1927 |p 17A0712720 |r 2026-02-21 21:30:44 |t č. 1-26 |w 2026-02-21 |y PREZ |z roč. 6, r. 1927 prír. č. snkK 198/76, č. 1-22 | ||
| 952 | |0 0 |1 0 |4 0 |7 0 |8 3 |a SNK |b SNK |d 2013-02-08 |f 1 |i snkK 199/76 |l 0 |o snkČSB 212/7-8/1928-1929 |p 17A0712719 |r 2026-02-21 21:30:45 |t č. 1-22 |w 2026-02-21 |y PREZ |z roč. 8, r. 1929, č. 1-22, prír.č. snkK 200/76 | ||
| 952 | |0 0 |1 0 |4 0 |7 0 |8 3 |a SNK |b SNK |d 2013-02-08 |f 1 |i snkK 201/76 |l 0 |o snkČSB 212/9-10/1930-1931 |p 17A0712718 |r 2026-02-21 21:30:45 |t č. 1-22 |w 2026-02-21 |y PREZ |z roč. 10, 1931, č. 1-22, prír. č. 202/76 | ||
| 952 | |0 0 |1 0 |4 0 |7 0 |a SNK |b SNK |d 2013-02-08 |f 1 |i snk4261/34 |l 0 |o snkČSB 212/11/1932 |p 17A0712717 |r 2026-02-21 21:30:45 |t č. 1-22 |w 2026-02-21 |y PREZ | ||
| 952 | |0 0 |1 0 |4 0 |7 0 |a SNK |b SNK |d 2013-02-08 |f 1 |i snk1558/43 |l 0 |o snkČSB 212/13/1934 |p 17A0712715 |r 2026-02-21 21:30:45 |t č. 1-22 |w 2026-02-21 |y PREZ | ||
| 952 | |0 0 |1 0 |4 0 |7 0 |a SNK |b SNK |d 2013-02-08 |f 1 |i snk1423/36 |l 0 |o snkČSB 212/12/1933 |p 17A0712716 |r 2026-02-21 21:30:45 |t č. 1-22 |w 2026-02-21 |y PREZ | ||
| 952 | |0 0 |1 0 |4 0 |7 0 |a SNK |b SNK |d 2013-02-08 |f 1 |i snk1542/43 |l 0 |o snkČSB 212/14/1935 |p 17A0712714 |r 2026-02-21 21:30:45 |t č. 1-22 |w 2026-02-21 |y PREZ | ||
| 952 | |0 0 |1 0 |4 0 |7 0 |a SNK |b SNK |d 2014-09-02 |i snk877/39 |l 0 |o snkČSB 212/17/1938 D1 |p 17A0712710 |r 2026-02-21 21:44:34 |t č. 1-14+príl. |w 2026-02-21 |y PREZ |z príl.:Orgonaszó č. 2-7 | ||


